Export-led industrialisation & development
This pattern of growth has been termed "Export-led industrialisation & development" in recognition of the leading roles played by both exporrt growth and industrialisation in the process.
Enregistré dans:
| Format: | Livre |
|---|---|
| Langue: | Undetermined |
| Publié: |
Singapore
Distributed by Maruzen Asia
1981
|
| Sujets: | |
| Tags: |
Ajouter un tag
Pas de tags, Soyez le premier à ajouter un tag!
|
| Thư viện lưu trữ: | Trung tâm Học liệu Trường Đại học Cần Thơ |
|---|
| LEADER | 00812nam a2200205Ia 4500 | ||
|---|---|---|---|
| 001 | CTU_219000 | ||
| 008 | 210402s9999 xx 000 0 und d | ||
| 082 | |a 338.95 | ||
| 082 | |b E96 | ||
| 245 | 0 | |a Export-led industrialisation & development | |
| 245 | 0 | |c Edited by Eddy Lee | |
| 260 | |a Singapore | ||
| 260 | |b Distributed by Maruzen Asia | ||
| 260 | |c 1981 | ||
| 520 | |a This pattern of growth has been termed "Export-led industrialisation & development" in recognition of the leading roles played by both exporrt growth and industrialisation in the process. | ||
| 650 | |a Industrialization,Asia,Công nghiệp hoá,Châu Á | ||
| 650 | |x Economic conditions,Điều kiện kinh tế | ||
| 650 | |z Asia,Châu Á | ||
| 904 | |i Qhieu | ||
| 980 | |a Trung tâm Học liệu Trường Đại học Cần Thơ | ||